| 000 | 00535nam a2200181 a 4500 | ||
|---|---|---|---|
| 001 | 4948 | ||
| 003 | CDMR | ||
| 005 | 20131212124200.0 | ||
| 008 | 130130s1991||||||||||||||||||||||||||||d | ||
| 020 | _a8486852080 | ||
| 040 |
_aCDMR _bcat _cCDMR |
||
| 245 | 0 | 0 | _aJornadas sobre tercera edad y medios de comunicación |
| 260 |
_aMadrid _c1991 _bMinisterio de Asuntos sociales. INSERSO |
||
| 300 | _a159 p. | ||
| 650 | 0 | 4 |
_94517 _aMitjans de comunicació de massa i persones grans |
| 650 | 0 | 4 |
_94399 _aComunicació _xCongressos |
| 942 |
_cMON _2udc |
||
| 999 |
_c4948 _d4948 |
||